| 000 | 00624nam a22001937a 4500 | ||
|---|---|---|---|
| 999 |
_c20069 _d20069 |
||
| 003 | AR-CdUCM | ||
| 008 | 190525b ||||| |||| 00| 0 spa d | ||
| 040 |
_aMUNICIPALIDAD PROVINCIAL DEL CUSCO _cBIBLIOTECA MUNICIPAL DEL CUSCO |
||
| 082 |
_a121 / _bR96 |
||
| 100 |
_aRussell, Bertrand _916285 |
||
| 245 |
_aEl conocimiento humano : _bsu alcance y sus limitaciones / |
||
| 260 |
_aMadrid : _bTaurus, _c1964. |
||
| 300 |
_a665 páginas ; _c17 cm. |
||
| 505 | _aContenido: Teoría del conocimiento. | ||
| 650 |
_aTeoría del conocimiento _914467 |
||
| 650 |
_aTierra _9337 |
||
| 942 |
_2ddc _cLIBROS |
||
| 945 |
_adavv _d2019-05-25 |
||